000 00911cam a2200253 4500
001 sa 68014708
003 DLC
005 20260227112634.0
008 700212s1967 pk b 000 0 eng
010 _asa 68014708
025 _aPL480:P-E-1317
040 _aDLC
_cDLC
_dDLC
050 0 0 _aHD2075.5
_b.A337 no. 6
082 0 0 _a338.1/09549
110 1 _aPakistan.
_bDepartment of Marketing Intelligence and Agricultural Statistics.
245 1 0 _aStudy on crop responses to various types of fertilizers and their future requirements in Pakistan.
260 _aRawalpindi,
_bPrinted by the Manager, Govt. of Pakistan Press,
_c1967.
300 _a34 p.
_bmaps.
_c24 cm.
490 1 _aIts S.S., 6
500 _aCover title.
650 0 _aFertilizers
_zPakistan.
650 0 _aField crops
_zPakistan.
810 1 _aPakistan.
_bDepartment of Marketing Intelligence and Agricultural Statistics.
_tSurvey series,
_v6
999 _c85982
_d85982